少林寺第八銅人

資料類型: Book 圖書   書目號:35536

Leader xxxxxxxxxx
001 __ PCLIS0001015041
005 __ 20211028151802.0
010 0_ |a986-7494-83-0|b平裝|dNT$199
100 __ |a20051007d2005    m  y0chiy09      e
101 0_ |achi
102 __ |atw
105 __ |ay   z   000ay
200 1_ |a少林寺第八銅人|f九把刀著
205 __ |a初版
210 __ |a臺北市|c春天出版|a臺北縣五股鄉|c凌域總經銷|d2005[民94]
215 0_ |a295面|d21公分
225 2_ |a九把刀電影院|v3
300 __ |a作者本名柯景騰
681 __ |a857.9|b8656
681 __ |a857.9|b4051
700 _0 |a九把刀|f1978- |4801 _0 |atw|b內湖高中|c20051007|gCCR
801 _2 |atw|b內湖高中|c20211028|gCCR
詳細館藏(共 1 筆)
索 書 號登 錄 號冊次號館別 / 館藏地流通類型狀態加入預約清單電子資源
857.9 / 8656 1015041  圖書館 / 一樓普通區 可外借30天 在館   

| 條列資料




目錄查詢 分類查詢 個人資料 圖書薦購 新書查詢 閉館日 排行榜 更多電子資源 Hami書城 線上資料庫 登出

From : 216.73.216.116

  本日流通累計至 17:16:09 借閱 : 6 次 續借 : 0 次 歸還 : 8 次 預約 : 0 次 電子資源 : 0 次


內湖高中圖書館  PCLIS 版本  25.5.0.2